000 00447nam a22001697a 4500
999 _c525829
_d525829
003 NUST
020 _qH/B
038 _awaseem
082 _a209.9
_bKAI
100 _aArmstrong, Kairren
_916772
245 _aThe Battle for God /
_cKairren Armstrong
260 _aLahore :
_bAsif Javed,
_c2007.
300 _a456 p. ;
880 _6100-01\r
_aکیرن آرمسٹرانگ
880 _6245-02\r
_aخُدا کے لیے جنگ /
942 _2ddc
_cBK